000 00788nam a2200229Ia 4500
003 OSt
005 20220923211709.0
006 a|||||r|||| 00| 0
007 ta
008 220922b |||||||| |||| 00| 0 pan d
024 _a43,069
037 _cTextual
040 _aARTS
_cARTS
_bpan
041 _2pan
_apan
082 _aO153,3:g, J4.1
100 _aਸਿੰਘ, ਗੁਰਦਿਆਲ; ਸੂਰੀ, ਕਰਤਾਰ ਸਿੰਘ, ਂਚ.
_9161333
245 0 _aਨਾਵਲ-ਕਲਾ ਅਤੇ ਪੰਜਾਬੀ ਨਾਵਲਕਾਰ
260 _c1954
650 _aਪੰਜਾਬੀ ਸਾਹਿਤ
942 _hO153,3:g, J4.1
_cTEXL
_2CC
999 _c302693
_d302693